Les parcs d'attractions français les plus fréquentés - Statistiques

Statistiques générales
  • Ce quiz a été pris 148 fois
  • Le résultat moyen est 5 sur 10
Statistiques - réponses
Nombre de visiteurs Réponse % Correct
+ 10 000 000 Disneyland Paris
98%
2 842 000 Parc Astérix
95%
2 050 000 Futuroscope
81%
2 800 000 Puy du Fou
75%
750 000 Nigloland
55%
667 000 Walibi Rhône Alpes
48%
733 000 Le PAL
36%
389 000 Vulcania
26%
361 000 La Mer de Sable
17%
360 000 Parc Saint Paul
14%
Aucun quiz correspondant
Distribution des résultats
% des personnes avec chaque résultat
Percentile par nombre de réponses
Votre historique - résultats
Vous n’avez pas pris ce quiz